| 000 | 01119nam a2200301 c 4500 | ||
|---|---|---|---|
| 999 |
_c160546 _d160546 |
||
| 003 | BLK | ||
| 005 | 20221214100414.0 | ||
| 008 | 180410b bul|||||r ||||||| ||bul|| | ||
| 010 | _aKNG00167770000 | ||
| 040 | _aBLK | ||
| 041 |
_aBUL _cBUL |
||
| 072 | 7 |
_2bullib _aК _xКраезнание |
|
| 080 |
_aБългарска литература _b821.163.2 _x-31 _z821.163.2-31 |
||
| 100 | 1 |
_aМантов, Димитър Стефанов _eпърви автор _9379725 |
|
| 139 |
_aМантов, Димитър Стефанов _bМ 28 |
||
| 245 | 1 | 0 |
_aИзбрани произведения _bКаменно гнездо : Зла земя : Романи _cДимитър Стефанов Мантов. |
| 257 | _aBGR | ||
| 260 |
_aСофия _bБълг. писател _c1980 |
||
| 300 |
_a376 с. _bс портр. _c20,5 см |
||
| 380 | _aX | ||
| 500 | _a10 113 тир. | ||
| 659 | _aК | ||
| 852 | _aЦб 102333 | ||
| 852 | _aК 821.163.2/М 28 Д | ||
| 856 | 4 |
_qpdf _i0.00 _ldisable |
|
| 856 | 4 |
_qpdf _i0.00 _ldisable |
|
| 942 |
_cKNG _n0 _s1 _01 |
||
| 944 |
_aCR _c27.11.2014 _l27.11.2014 - от С1,Р / 27.11.2014 _kНора_Радева |
||
| 944 |
_aED _c27.11.2014 _l27.11.2014 - от С1,Р / 27.11.2014 |
||
| 944 |
_aED _c2022-12-02 _kХристина Везирева |
||
| 999 | _d160546 | ||
| 999 | _d160546 | ||